000
00249nam a2200097Ia 4500
008
170620s9999 xx 000 0 und d
100
_a
Uppal-A.K/Lawrence
245
0
_a
Kinesiology in Physical Education & Exp
260
_b
New delhi.Friends Pub
260
_c
2004
300
_a
255
999
_c
27800
_d
27800